Nový zákon o spotřebitelském úvěru zkultivuje trh půjček
Nový zákon o spotrebiteľskom úvere v Českej republike. Sprísnenie podmienok pri preverovaní bonity žiadateľov o úver. Obmedzenie možností netransparentných poskytovateľov pôžičiek. Prínosy pre trhové prostredie.
Enregistré dans:
| Auteur principal: | |
|---|---|
| Format: | Chapitre de livre |
| Langue: | tchèque |
| Sujets: | |
| Tags: |
Pas de tags, Soyez le premier à ajouter un tag!
|
MARC
| LEADER | 00000naa a2200000 4500 | ||
|---|---|---|---|
| 001 | 0225874 | ||
| 005 | 20221104110528.3 | ||
| 041 | 0 | |a cze | |
| 044 | |a CZ | ||
| 245 | 1 | 0 | |a Nový zákon o spotřebitelském úvěru zkultivuje trh půjček |c Jiří Rajl |
| 520 | |a Nový zákon o spotrebiteľskom úvere v Českej republike. Sprísnenie podmienok pri preverovaní bonity žiadateľov o úver. Obmedzenie možností netransparentných poskytovateľov pôžičiek. Prínosy pre trhové prostredie. | ||
| 610 | 2 | 0 | |a banky |
| 610 | 2 | 0 | |a inštitúcie finančné |
| 610 | 2 | 0 | |a úver spotrebiteľský |
| 610 | 2 | 0 | |a pôžičky obyvateľstvu |
| 610 | 2 | 0 | |a bonita |
| 610 | 2 | 0 | |a klienti |
| 610 | 2 | 0 | |a transparentnosť |
| 610 | 2 | 0 | |a zákony |
| 610 | 2 | 0 | |a Česko |
| 100 | 1 | |a Rajl, Jiří | |